000 00386nam a2200169Ia 4500
100 _aLal/G.K/ Reddy/N.V
650 _aPlasticity
942 _cBK
366 _f20
654 _aplasticity
245 _aIntroduction to engineering Plasticity
260 _bNarosa Publication House
_c2009
082 _a671.35
_bLAL
300 _a188
546 _aENGLISH
_cInfo.Tech
999 _c34116
_d34116